Online
Catalog

Reseña histórica del folklore dominicano / (Record no. 6170)

MARC details
000 -CABECERA
campo de control de longitud fija 01929nam a2200289 a 4500
001 - NÚMERO DE CONTROL
campo de control 000006375
003 - IDENTIFICADOR DEL NÚMERO DE CONTROL
campo de control DO-SdBNP
005 - FECHA Y HORA DE LA ÚLTIMA TRANSACCIÓN
campo de control 20250401151643.0
007 - CAMPO FIJO DE DESCRIPCIÓN FÍSICA--INFORMACIÓN GENERAL
campo de control de longitud fija ta
008 - DATOS DE LONGITUD FIJA--INFORMACIÓN GENERAL
campo de control de longitud fija 090828e2006 dr abg gr 001 edspa d
020 ## - NÚMERO INTERNACIONAL ESTÁNDAR DEL LIBRO
Número Internacional Estándar del Libro 994540413X
040 ## - FUENTE DE LA CATALOGACIÓN
Centro catalogador/agencia de origen DO-SdBNP
Lengua de catalogación spa
Centro/agencia transcriptor BNPHU
082 #4 - NÚMERO DE LA CLASIFICACIÓN DECIMAL DEWEY
Número de clasificación 398.097293
Número de documento/Ítem G241r
Número de edición 22
100 1# - ENTRADA PRINCIPAL--NOMBRE DE PERSONA
Nombre de persona Garrido de Boggs, Edna,
Fechas asociadas al nombre 1913-
9 (RLIN) 17737
245 10 - MENCIÓN DE TÍTULO
Título Reseña histórica del folklore dominicano /
Mención de responsabilidad, etc. Edna Garrido de Boggs ; Prólogo y edición, Xiomarita Pérez.
260 ## - PUBLICACIÓN, DISTRIBUCIÓN, ETC.
Lugar de publicación, distribución, etc. Santo Domingo :
Nombre del editor, distribuidor, etc. Dirección Nacional de Folklore,
Fecha de publicación, distribución, etc. 2006
300 ## - DESCRIPCIÓN FÍSICA
Extensión 279 p. :
Otras características físicas il., fotogr., mapa ;
Dimensiones 23 cm.
Material acompañante/anejo CD- ROM
500 ## - NOTA GENERAL
Nota general Incluye datos biográficos de la autora en las solapas de las cubiertas
504 ## - NOTA DE BIBLIOGRAFÍA, ETC.
Nota de bibliografía, etc. Bibliografía : p. 193-197
505 ## - NOTA DE CONTENIDO CON FORMATO
Nota de contenido con formato Presentación.-- Prólogo.-- Introducción.
Título Personalidad del folcklore dominicano.
-- Lenguaje, Narración y otras expresiones orales.--
-- Poesía y Canto.--
-- Baile.--
-- Costumbre festivas y juegos.--
-- Otros géneros del folklore dominicano.--
-- Bibliografía del folklore dominicano.--
Información miscelánea Apéndice A:
Título Saber y viviencias de doña Tijides de Garrido (1887 - 1976), informante y redactora, madre de Edna Garrido de Boggs, (San Juan de la Maguana).--
Información miscelánea Apéndice B:
Título Orígenes de nuestros juegos de muchachos y otras costumbres nacionales, por Ernesto Soler, 1946.--
Información miscelánea Apéndice C:
Título Folklores de Higüey, 1921 - 1922. Facilitado em 1944 por Luis Valdez Martínez, Inspector de Instrucción Pública.--
Información miscelánea Apéndice D:
Título Observaciones sobre las grabaciones originales en el CD por Martha Ellen Davis.--
-- Ilustraciones.--
-- Mapas.--
-- Disco Compacto.
590 ## - NOTA LOCAL (RLIN)
Nota local Inventariado, 2018/VM
650 #0 - PUNTO DE ACCESO ADICIONAL DE MATERIA--TÉRMINO DE MATERIA
Término de materia o nombre geográfico como elemento de entrada Folclore
Subdivisión geográfica República Dominicana
Subdivisión general Historia
9 (RLIN) 33448
650 #4 - PUNTO DE ACCESO ADICIONAL DE MATERIA--TÉRMINO DE MATERIA
Término de materia o nombre geográfico como elemento de entrada Música folclórica
Subdivisión geográfica República Dominicana
Subdivisión general Historia y crítica
9 (RLIN) 17739
651 #4 - PUNTO DE ACCESO ADICIONAL DE MATERIA--NOMBRE GEOGRÁFICO
Nombre geográfico República Domonicana
Subdivisión general Vida social y costumbres
9 (RLIN) 17740
700 12 - PUNTO DE ACCESO ADICIONAL--NOMBRE DE PERSONA
Nombre de persona Pérez, Xiomarita
Término indicativo de función/relación pról.
9 (RLIN) 17741
942 ## - ELEMENTOS DE PUNTO DE ACCESO ADICIONAL (KOHA)
Fuente del sistema de clasificación o colocación Dewey Decimal Classification
Tipo de ítem Koha Libro
Holdings
Estado de retiro Estado de pérdida Fuente del sistema de clasificación o colocación Restricciones de uso No para préstamo Código de colección Localización permanente Ubicación/localización actual Ubicación en estantería Fecha de adquisición Signatura topográfica completa Código de barras Fecha visto por última vez Número de copia Precio válido a partir de Tipo de ítem Koha Fuente de adquisición Total de préstamos
    Dewey Decimal Classification Préstamo en sala   Dominicana de Servicio Biblioteca Nacional Pedro Henríquez Ureña Biblioteca Nacional Pedro Henríquez Ureña Depósito 28.08.2009 398.097293 G241r 6375-30 25.06.2020 e. 3 25.06.2020 Libro    
    Dewey Decimal Classification Excluido de préstamo   Patrimonio Dominicano Biblioteca Nacional Pedro Henríquez Ureña Biblioteca Nacional Pedro Henríquez Ureña Depósito 28.08.2009 398.097293 G241r 6375-10 25.06.2020   25.06.2020 Libro    
    Dewey Decimal Classification Excluido de préstamo   Patrimonio Dominicano Biblioteca Nacional Pedro Henríquez Ureña Biblioteca Nacional Pedro Henríquez Ureña Depósito 28.08.2009 398.097293 G241r 6375-20 25.06.2020 e. 2 25.06.2020 Libro    
    Dewey Decimal Classification Préstamo en sala   Dominicana de Servicio Biblioteca Nacional Pedro Henríquez Ureña Biblioteca Nacional Pedro Henríquez Ureña En catalogación 14.08.2019 398.097293 G241r 2023-0331 20.01.2023 e.4 20.01.2023 Libro Compra / Librería Mateca  
    Dewey Decimal Classification Préstamo en sala   Dominicana de Servicio Biblioteca Nacional Pedro Henríquez Ureña Biblioteca Nacional Pedro Henríquez Ureña En catalogación 14.08.2019 398.097293 G241r 2023-0332 20.01.2023 e.5 20.01.2023 Libro Compra / Librería Mateca  

Powered by Koha